| 000 | 00708nam a2200277Ia 4500 | ||
|---|---|---|---|
| 008 | 181129s9999 xx 000 0 und d | ||
| 020 | _a9780545239783 | ||
| 050 | _bG762 2008 | ||
| 100 | _aGrant, Judyann Ackerman | ||
| 245 | 0 | _aChicken said, "cluck!" / | |
| 245 | 0 | _cby Judyanne Ackerman Grant ; pictures by Sue Truesdell. | |
| 260 | _aNew York, NY : | ||
| 260 | _bScholastic, | ||
| 260 | _c2008 | ||
| 300 | _a32 pages : | ||
| 300 | _bcolor illustrations ; | ||
| 300 | _c23cm. | ||
| 440 | _aMy first shared reading. | ||
| 500 | _a70L | ||
| 650 | _aChickens. | ||
| 650 | _aGardening. | ||
| 650 | _aGrasshopper. | ||
| 700 | _aSeries. | ||
| 700 | _aTitle. | ||
| 700 | _aTruesdell, Sue. | ||
| 999 |
_c359967 _d359967 |
||